Mi vida como soldado / (Record no. 198384)

MARC details
000 -LEADER
campo de control de longitud fija 01511nam a2200385 i 4500
001 - NÚMERO DE CONTROL
campo de control 198384
003 - IDENTIFICADOR DE NÚMERO DE CONTROL
campo de control ES-MaACL
005 - FECHA Y HORA DE LA ÚLTIMA TRANSACCIÓN
campo de control 20260601195802.0
007 - CAMPO FIJO DE DESCRIPCIÓN FÍSICA--INFORMACIÓN GENERAL
campo de control de longitud fija ta
008 - DATOS DE LONGITUD FIJA--INFORMACIÓN GENERAL
campo de control de longitud fija 260527s2026 sp a|||| |||| 001 0aspa d
017 ## - NÚMERO DE COPYRIGHT O DE DEPÓSITO LEGAL
Número de copyright o de depósito legal M 9072-2026
Agencia que asigna Oficina Depósito Legal Madrid
020 ## - NÚMERO INTERNACIONAL ESTÁNDAR DEL LIBRO
Número Internacional Estándar del Libro 979-13-991450-2-1
040 ## - FUENTE DE CATALOGACIÓN
Centro catalogador/agencia de origen ES-MaACL
Lengua de catalogación spa
Centro/agencia transcriptor ES-MaACL
Normas de descripción rda
080 ## - NÚMERO DE LA CLASIFICACIÓN DECIMAL UNIVERSAL
Número de la Clasificación Decimal Universal 929 Mainländer, Philipp
100 1# - ENTRADA PRINCIPAL--NOMBRE DE PERSONA
Nombre de persona Mainländer, Philipp,
Fechas asociadas al nombre 1841-1876
Relación aut
9 (RLIN) 155903
Término indicativo de función/relación Autor
240 10 - TÍTULO UNIFORME
Título uniforme Meine soldatengeschichte.
Lenguaje de la obra Español
9 (RLIN) 243147
245 10 - MENCIÓN DEL TÍTULO
Título Mi vida como soldado /
Mención de responsabilidad, etc. Philipp Mainländer ; traducción de Fernando Burgos ; introducción de H. W. Gámez ; prólogo y revisión del texto de Manuel Pérez Cornejo, Viator
264 #1 - PRODUCCIÓN, PUBLICACIÓN, DISTRIBUCIÓN, FABRICACIÓN Y COPYRIGHT
Producción, publicación, distribución, fabricación y copyright Madrid :
Nombre del de productor, editor, distribuidor, fabricante Ediciones sequitur,
Fecha de producción, publicación, distribución, fabricación o copyright 2026
264 #4 - PRODUCCIÓN, PUBLICACIÓN, DISTRIBUCIÓN, FABRICACIÓN Y COPYRIGHT
Fecha de producción, publicación, distribución, fabricación o copyright ©2026
300 ## - DESCRIPCIÓN FÍSICA
Extensión 191 páginas :
Otras características físicas ilustraciones (blanco y negro) ;
336 ## - TIPO DE CONTENIDO
Fuente rdacontent
Término de tipo de contenido Texto
337 ## - TIPO DE MEDIO
Fuente rdamedia
Nombre/término del tipo de medio sin mediación
338 ## - TIPO DE SOPORTE
Fuente rdacarrier
Nombre/término del tipo de soporte volumen
490 0# - MENCIÓN DE SERIE
Mención de serie Biblioteca pesimista
500 ## - NOTA GENERAL
Nota general Registro provisional
500 ## - NOTA GENERAL
Nota general Ejemplar firmado y dedicado por el prologuista
500 ## - NOTA GENERAL
Nota general Índice
600 14 - PUNTO DE ACCESO ADICIONAL DE MATERIA--NOMBRE DE PERSONA
Nombre de persona Mainländer, Philipp,
Fechas asociadas al nombre 1841-1876
9 (RLIN) 155903
700 1# - ENTRADA AGREGADA--NOMBRE PERSONAL
Relación trl
Nombre de persona Burgos, Fernando
Término indicativo de función/relación Traductor
9 (RLIN) 236115
700 1# - ENTRADA AGREGADA--NOMBRE PERSONAL
Nombre de persona Pérez Cornejo, Manuel
Relación aui
-- edt
9 (RLIN) 90742
Término indicativo de función/relación Autor de introducción
-- Editor literario
852 ## - LOCALIZACIÓN
Ubicación ES-MaACL
Ubicación en estantería Depósito J
Número de control de estantería DJ-16
Donativo/Legado Donación: Manuel Pérez Cornejo
Encuadernación Encuadernación rústica
942 ## - ELEMENTOS DE ENTRADA SECUNDARIOS (KOHA)
Tipo de ítem Koha Libro impreso
Suprimir en OPAC No
Holdings
Estatus retirado Estado de pérdida Fuente del sistema de clasificación o colocación Estado de daño No para préstamo Biblioteca de origen Biblioteca actual Ubicación en estantería Fecha de adquisición Fuente de adquisición Total de préstamos Signatura topográfica completa Código de barras Visto por última vez Precio de reemplazo Tipo de ítem Koha Nota pública
    Clasificación decimal universal     Biblioteca del Ateneo de Madrid Biblioteca del Ateneo de Madrid Depósito J 27/05/2026 Donación   DJ-16 2026-0359 27/05/2026 27/05/2026 Libro impreso Dedicatoria autógrafa del prologuista